Регионална библиотека "Любен Каравелов" - Русе

Философия на новата музика (Запис номер 116620)

MARC детайли
000 -Лидер
Контролно поле с фиксирана дължина 01591nam a2200385 c 4500
003 - Код на организацията, давaща контролен номер
Контролно поле BLK
005 - Дата и час на последна редакция
Контролно поле 20180420231150.0
008 - Елементи от данни с фиксирана дължина
fixed length control field 180409b bul|||||r ||||||| ||bul||
010 ## - Наследен системен номер
LC control number KNG00122179000
040 ## - Източник на каталожния запис
Идентификатор на билиотеката - собственик на записа BLK
041 ## - Код за език
Код за езика на текст/звукозапис или на отделно заглавие Български
Код за езика КДБФ Български
080 ## - УДК
Текстов определител УДК Естетика. Философия. Вкус. Теория на музиката. Вж и 534.3;781
УДК код - определител по УДК 78.01
УДК определител
УДК - код + определител 78.01
100 1# - Редна дума - Автор
Автор Адорно, Теодор В.
Авторска отговорност първи автор
R(LIN) 29645
139 ## - Редно поле
Редна дума Адорно, Теодор В.
Авторски знак Адо - А 33
245 10 - Сведения за заглавието
Заглавие Философия на новата музика
Редно поле (дума) Теодор В. Адорно; прев. от нем. Макс Вермут.
257 ## - Страна на издаване
Страна на създаване/издаване Германия
260 ## - Област на издателските данни
-- София
Име на издателя, разпространителя и проч. Наука и изкуство
Година на издаване 1990
300 ## - Физическа характеристика
Страници 339 с.
Размери/Мащаб 17 см
380 ## - Жанр
Жанр Изкуство
490 1# - СЕРИИ (Колекции)
Име на серия Библиотека Човекът и изкуството
500 ## - Общи забележки
Забележка Ориг. загл. Philosophie der neuen Musik / Theodor W. Adorno. - Показалец на имена и творби
650 #4 - Допълнително описание по предмет – тема
Основно описание – тема или топоним Музика - ХХ век
9 (RLIN) 277062
650 #4 - Допълнително описание по предмет – тема
Основно описание – тема или топоним Естетика, музикална
9 (RLIN) 246673
650 #4 - Допълнително описание по предмет – тема
Основно описание – тема или топоним Музика - философски проблеми
9 (RLIN) 246672
653 ## - Ключова дума – ненормативна
Ключова дума музикална естетика
653 ## - Ключова дума – ненормативна
Ключова дума философия
653 ## - Ключова дума – ненормативна
Ключова дума музика
653 ## - Ключова дума – ненормативна
Ключова дума ХХ в.
700 1# - Други автори (авторска отговорност)
Лично име Вермут, Макс
Автороска отговорност (Описва отношението между автора и произведението) прев. от нем.
9 (RLIN) 314805
852 ## - Местоположение
Форматна сигнатура Цб І 24913
856 4# - Електронен адрес и достъп
Електронен формат pdf - файл
Път до файла /url/
856 4# - Електронен адрес и достъп
Електронен формат pdf - файл
Път до файла /url/
942 ## - АРТИКУЛИ
Вид на библиотечния материал Книги
Скрит в OPAC Не
944 ## - СЪЗДАВАНЕ И РЕДАКЦИЯ на ЗАПИСА
Създаване/Редакция Създаване
Дата на регистрацията/редакция 19.03.2011
Статус, дата на статуса добави в АБ / 18.03.2011
Служител, извършил регистрацията/редакцията Виолета_Тройчева
944 ## - СЪЗДАВАНЕ И РЕДАКЦИЯ на ЗАПИСА
Създаване/Редакция Редакция
Дата на регистрацията/редакция 25.03.2011
Статус, дата на статуса добави в АБ / 18.03.2011
Служител, извършил регистрацията/редакцията
999 ## - СИСТЕМНИ КОНТРОЛНИ НОМЕРА
Koha biblionumber 116620
Koha biblioitemnumber 116620
Наличности
Код за отписване Код за изгубен артикул Източник на класификационната схема Код за повреда Коз за рестрикции Код за отдаване Артикулен № Име на библиотеката - собственик Име на библиотеката, в която се намира в момента Статус (Текущо местоположение) Дата на вписване в системата Местоположение - отдел Цена в лева Инвентарен номер Систематично азбучна сигнатура Баркод Номер на екземпляра Цена в евро Служебна бележка Служебен тип на артикула
Изтеглен Не е изгубен Universal Decimal Classification Не е повреден без рестрикции заемане за дома 187904 Регионална библиотека "Любен Каравелов" Русе Регионална библиотека "Любен Каравелов" Русе Отдел Изкуство - подръчен фонд 1990-01-01 Основен фонд - ползва се само за читалня 2.24 543723 78.01/А 33 543723 1 1.15 Дост: Pk Вид: Ф N: стар фонд Дата: 01.01.1990 Дата инв: 19.06.2012 Бележки инв: * Книги
  Не е изгубен Universal Decimal Classification Не е повреден само за читалня ползва се в читалня 187905 Регионална библиотека "Любен Каравелов" Русе Регионална библиотека "Любен Каравелов" Русе Хранилище 1990-01-01 Хранилище 2.24 540770 Цб І 24913 120000540770 2 1.15 Дост: Dp Вид: Д N: стар фонд Дата: 01.01.1990 Книги
  Не е изгубен Universal Decimal Classification Не е повреден без рестрикции заемане за дома 187906 Регионална библиотека "Любен Каравелов" Русе Регионална библиотека "Любен Каравелов" Русе Отдел Изкуство - подръчен фонд 1990-01-01 Отдел Изкуство - подръчен фонд 2.24 543720 78.01/А 33 120000543720 3 1.15 Дост: Pk Вид: Ф N: стар фонд Дата: 01.01.1990 Дата инв: 03.04.2017 Бележки инв: ИП2017 Книги
Изтеглен Не е изгубен Universal Decimal Classification Не е повреден без рестрикции заемане за дома 187907 Регионална библиотека "Любен Каравелов" Русе Регионална библиотека "Любен Каравелов" Русе Отдел Изкуство - подръчен фонд 1990-01-01 Отдел Изкуство - подръчен фонд 2.24 543721 78.01/А 33 543721 4 1.15 Дост: Pk Вид: Ф N: стар фонд Дата: 01.01.1990 Дата инв: 03.04.2017 Бележки инв: ИП2017 Книги
Vip Innovations Ltd, Rousse, Bulgaria 2025